000 00267nam a2200109Ia 4500
005 20251222114417.0
008 251222s1900||||xx |||||||||||||| ||spa||
082 _aDVD0040/B25/1999/Ej.2
245 0 _aY si te vi no me acuerdo
264 _bCasablanca Films
942 _cDVD
999 _c2263
_d2263